<?xml version="1.0" encoding="UTF-8"?>
<marc:record xmlns:marc="http://www.loc.gov/MARC21/slim">
   <marc:leader>00000nam a2200000 a 4500</marc:leader>
   <marc:datafield ind1="1" ind2=" " tag="100">
      <marc:subfield code="a">Geißelbrecht-Taferner, Leonore</marc:subfield>
      <marc:subfield code="4">aut</marc:subfield>
      <marc:subfield code="e">Verfasser/-in</marc:subfield>
   </marc:datafield>
   <marc:datafield ind1="1" ind2=" " tag="100">
      <marc:subfield code="a">Sander, Kasia [Ill.]</marc:subfield>
      <marc:subfield code="4">aut</marc:subfield>
      <marc:subfield code="e">Verfasser/-in</marc:subfield>
   </marc:datafield>
   <marc:datafield ind1="0" ind2="0" tag="245">
      <marc:subfield code="a">Die Kräuter-Detektive</marc:subfield>
   </marc:datafield>
   <marc:datafield ind1="0" ind2="0" tag="245">
      <marc:subfield code="b">Von Brennnessel bis Zitronenmelisse den Kinderkräutern auf der Spur. Mit vielfältigen Experimenten, Spielen, Bastelaktionen, Geschichten und Rezepten durch das Jahr.</marc:subfield>
   </marc:datafield>
   <marc:datafield ind1="0" ind2="0" tag="245">
      <marc:subfield code="c">Leonore Geißelbrecht-Taferner ; Kasia Sander</marc:subfield>
   </marc:datafield>
   <marc:datafield ind1=" " ind2="1" tag="264">
      <marc:subfield code="a">Münster</marc:subfield>
      <marc:subfield code="b">Ökotopia</marc:subfield>
      <marc:subfield code="c">2009</marc:subfield>
   </marc:datafield>
   <marc:datafield ind1="1" ind2=" " tag="520">
      <marc:subfield code="a">Mit allen Sinnen entdecken Kinder im Garten, auf der Fensterbank oder in Wald und Wiese die Besonderheiten von Schnittlauch und Nesseln, Petersilie und Wegerich, Malve und Johanniskraut. Ob als Duftwasser, Pflaster oder Bastelobjekt jedes (Un-)Kraut findet eine fantasievolle Verwendung. Die bewährten Steckbriefe und Notizzettel liefern alle nötigen Hintergrundinfos.</marc:subfield>
   </marc:datafield>
   <marc:datafield ind1=" " ind2=" " tag="020">
      <marc:subfield code="a">9783867020794</marc:subfield>
      <marc:subfield code="9">9783867020794</marc:subfield>
   </marc:datafield>
   <marc:datafield ind1=" " ind2=" " tag="020">
      <marc:subfield code="a">3867020795</marc:subfield>
      <marc:subfield code="9">3867020795</marc:subfield>
   </marc:datafield>
   <marc:datafield ind1=" " ind2=" " tag="300">
      <marc:subfield code="a">128 S. m. zahlr. farb. Illustr.</marc:subfield>
   </marc:datafield>
</marc:record>
